| 000 | 00374nam a22001217a 4500 | ||
|---|---|---|---|
| 082 | _aTHE 200 | ||
| 100 |
_aSyeda Naela Fatima _970223 |
||
| 245 | _aTH-SOF-1407-Material Handling Cost Consideration in Process Plan Selection for RMS | ||
| 260 |
_aIslamabad _bNUST College of EME _c2017 |
||
| 650 | _aMS-MECH-76 MSTHESIS | ||
| 700 |
_aDr Sajid Ullah Butt _929563 |
||
| 942 | _cCF | ||
| 999 |
_c577231 _d577231 |
||